MARC

LEADER 00000nam0a2200000 4500
001 38451
005 20231031005859.0
035 |a (RuTPU)RU\TPU\book\39208 
090 |a 38451 
100 |a 20020306d1976 km y0rusy50 ca 
101 0 |a rus 
102 |a RU 
105 |a a z 001zy 
200 1 |a Твердость и микротвердость металлов  |f В. К. Григорович  |g Институт металлургии им. А. А. Байкова 
210 |a Москва  |c Наука  |d 1976 
215 |a 230 с.  |c ил. 
320 |a Библиогр.: с. 224-228 
610 1 |a металлургия 
610 1 |a металлы 
610 1 |a соединения 
610 1 |a твердость 
610 1 |a индикаторы 
610 1 |a диаграммы 
610 1 |a ползучесть 
610 1 |a измерения 
610 1 |a пластическая деформация 
610 1 |a склерометрия 
610 1 |a сплавы 
675 |a 669:620.178  |v 3 
700 1 |a Григорович  |b В. К.  |g Всеволод Константинович 
712 0 2 |a Академия наук СССР (АН СССР)  |b Институт металлургии им. А. А. Байкова (ИМЕТ)  |c (Москва)  |2 stltpush  |3 (RuTPU)RU\TPU\col\312 
801 1 |a RU  |b 63413507  |c 20020306  |g PSBO 
801 2 |a RU  |b 63413507  |c 20160202  |g PSBO 
942 |c BK